<The> Blackwell Encyclopedic Dictionary of Organizational Behavior

Na minha lista:
Detalhes bibliográficos
Outros Autores: Nicholson, Nigel
Formato: Livro
Idioma:inglês
Publicado em: Cambridge Blackwell Publ. 1995
Edição:1. ed.
Assuntos:
Tags: Adicionar Tag
Sem tags, seja o primeiro a adicionar uma tag!

MARC

LEADER 00000nam a2200000 4500
001 c014235
005 20230315135016.0
020 |a 0-631-18781-2 
041 0 |a eng 
044 |a US 
245 1 0 |a <The> Blackwell Encyclopedic Dictionary of Organizational Behavior  |c Edit. Nigel Nicholson 
250 |a 1. ed. 
264 1 |a Cambridge  |b Blackwell Publ.  |c 1995 
300 |a 628 s. 
610 2 0 |a správanie organizačné 
610 2 0 |a psychológia riadenia 
610 2 0 |a správanie 
700 1 |a Nicholson, Nigel